| 000 | 01398nam a22003977a 4500 | ||
|---|---|---|---|
| 003 | CHAP | ||
| 005 | 20220329133726.0 | ||
| 008 | 971013s1993 r 00010 d | ||
| 010 | _a10009 | ||
| 011 | _a10981 | ||
| 035 | _a10219 | ||
| 040 | _cCHAP | ||
| 090 | _aTesis | ||
| 100 | 0 | 0 |
_aLópez Durán, Mauro. _967846 |
| 245 | _aRespuesta del nopal tunero (Opuntia amyclaea T.) a la aplicación de N, P, K en los cladodios | ||
| 260 |
_aChapingo, Méx. : _bEl autor, _c1993 |
||
| 300 | _a52 h. | ||
| 502 | _aTesis (Ing. Agr. Esp. en Fitotecnia) -- UACH. Departamento de Fitotecnia | ||
| 590 |
_aALEPH _b10 _c20130110 _lUCH01 _h1226 |
||
| 590 |
_aBATCH-UPD _b10 _c20130110 _lUCH01 _h0000 |
||
| 590 |
_aBATCH-UPD _b10 _c20130110 _lUCH01 _h0339 |
||
| 590 |
_aBATCH-UPD _b10 _c20130110 _lUCH01 _h2155 |
||
| 590 |
_aBATCH-UPD _b10 _c20130409 _lUCH01 _h1934 |
||
| 590 |
_aBATCH-UPD _b10 _c20130914 _lUCH01 _h1404 |
||
| 590 |
_aCONVERSION _b10 _c20130109 _lUCH01 _h1306 |
||
| 650 | 1 | 4 |
_aFertilizantes para nopal. _940627 |
| 650 | 1 | 4 |
_aNitrógeno _xEfecto en nopal. _981451 |
| 650 | 1 | 4 |
_aNopal _xCrecimiento. _981662 |
| 650 | 1 | 4 |
_aNopal _xElementos minerales. _981665 |
| 650 | 1 | 4 |
_aPotasio _xEfecto en nopal. _991105 |
| 700 | 0 |
_aUc Hernández, Cruz Alberto. _9115997 |
|
| 901 | _aBK | ||
| 942 | _cFOLL | ||
| 949 |
_bBC _cTES _d-21653 _eTS1 _h26548 _i10219 _si |
||
| 949 |
_bBC _cTES _d-21655 _eTS2 _fc.2 _h26549 _i10219 _si |
||
| 999 |
_c10009 _d10009 |
||